000 00507nam a2200181Ia 4500
001 26116
003 IN-NITTTR
005 20251114233329.0
008 251113s9999||||xx |||||||||||||| ||eng||
040 _beng
040 _cIN-NITTTR
041 _aeng
082 _a338.04 C714E
100 _aColombo Plan Staff College for Technician Education (Manila),
245 0 _aEntrepreneurship development /
_cColombo Plan Staff College for Technician Education (Manila)
260 _aManila
942 _2ddc
_cBK
999 _c28745
_d28745